[Event "ESTCC 50 2019"]
[Site "Mali Losinj"]
[Date "2019.09.23"]
[Round "6.19"]
[White "Kierzek, Mira"]
[Black "Lopez de Turiso, Jose Angel"]
[Result "1/2-1/2"]
[WhiteElo "2015"]
[BlackElo "1945"]
[Annotator "NA"]
[PlyCount "45"]
[EventDate "2019.09.18"]
[EventType "team-tourn"]
[EventCountry "CRO"]
[SourceTitle "playchess.com"]
[Source "ChessBase"]
[SourceQuality "1"]
[WhiteTeam "Germany"]
[BlackTeam "Spain"]
[WhiteTeamCountry "GER"]
[BlackTeamCountry "ESP"]
[TimeControl "40/5400+30:1800+30"]

1. d4 {[%emt 0:00:30]} Nf6 {[%emt 0:00:30]} 2. Nf3 {[%emt 0:00:00]} e6 {[%emt 0:00:30]} 3. g3 {[%emt 0:02:00]} c5 {[%emt 0:01:30]} 4. Bg2 {[%emt 0:01:30]} Nc6 {[%emt 0:01:30]} 5. O-O {[%emt 0:01:30]} a6 {[%emt 0:03:30]} 6. c4 {[%emt 0:03:30]} cxd4 {[%emt 0:03:30]} 7. Nxd4 {[%emt 0:00:30]} Qc7 {[%emt 0:01:30]} 8. Nc3 {[%emt 0:04:30]} Na5 {[%emt 0:09:30]} 9. b3 {[%emt 0:08:30]} d5 {[%emt 0:02:30]} 10. a3 {[%emt 0:06:30]} dxc4 {[%emt 0:12:30]} 11. b4 {[%emt 0:00:30]} e5 {[%emt 0:05:30]} 12. bxa5 {[%emt 0:01:30]} exd4 {[%emt 0:00:30]} 13. Qxd4 {[%emt 0:03:30]} Bc5 {[%emt 0:07:30]} 14. Qf4 {[%emt 0:08:30]} Bd6 {[%emt 0:21:30]} 15. Qh4 {[%emt 0:09:30]} O-O {[%emt 0:06:11]} 16. Bg5 {[%emt 0:25:30]} Qxa5 {[%emt 0:10:10]} 17. Bxf6 {[%emt 0:02:08]} gxf6 {[%emt 0:00:04]} 18. Be4 {[%emt 0:04:05]} f5 {[%emt 0:02:49]} 19. Qg5+ {[%emt 0:00:27]} Kh8 {[%emt 0:00:07]} 20. Qf6+ {[%emt 0:00:57]} Kg8 {[%emt 0:00:05]} 21. Qg5+ {[%emt 0:07:29]} Kh8 {[%emt 0:00:02]} 22. Qf6+ {[%emt 0:00:57]} Kg8 {[%emt 0:00:02]} 23. Qg5+ {[%emt 0:00:32]} 1/2-1/2

[Event "ESTCC 50 2019"]
[Site "Mali Losinj"]
[Date "2019.09.23"]
[Round "6.20"]
[White "Rodriguez Bernal, Herman"]
[Black "Leib, Britta"]
[Result "0-1"]
[WhiteElo "1735"]
[BlackElo "1883"]
[Annotator "NA"]
[PlyCount "56"]
[EventDate "2019.09.18"]
[EventType "team-tourn"]
[EventCountry "CRO"]
[SourceTitle "playchess.com"]
[Source "ChessBase"]
[SourceQuality "1"]
[WhiteTeam "Spain"]
[BlackTeam "Germany"]
[WhiteTeamCountry "ESP"]
[BlackTeamCountry "GER"]
[TimeControl "40/5400+30:1800+30"]

1. d4 {[%emt 0:03:30]} Nf6 {[%emt 0:00:30]} 2. Bg5 {[%emt 0:02:30]} d5 {[%emt 0:06:30]} 3. Nd2 {[%emt 0:04:30]} Nbd7 {[%emt 0:05:30]} 4. Ngf3 {[%emt 0:02:30]} e6 {[%emt 0:01:30]} 5. e3 {[%emt 0:01:30]} Be7 {[%emt 0:03:30]} 6. c4 {[%emt 0:00:30]} c5 {[%emt 0:07:30]} 7. cxd5 {[%emt 0:01:30]} Nxd5 {[%emt 0:02:30]} 8. Bxe7 {[%emt 0:00:00]} Qxe7 {[%emt 0:00:30]} 9. Be2 {[%emt 0:04:00]} O-O {[%emt 0:05:30]} 10. O-O {[%emt 0:00:30]} cxd4 {[%emt 0:01:30]} 11. Nxd4 {[%emt 0:01:30]} N7f6 {[%emt 0:04:30]} 12. e4 {[%emt 0:03:30]} Nf4 {[%emt 0:12:30]} 13. Bf3 {[%emt 0:00:30]} e5 {[%emt 0:08:30]} 14. Nf5 {[%emt 0:18:30]} Qb4 {[%emt 0:04:30]} 15. Qc2 {[%emt 0:02:30]} Bxf5 {[%emt 0:08:30]} 16. a3 {[%emt 0:04:30]} Qd4 {[%emt 0:03:30]} 17. Nb3 {[%emt 0:02:30]} Qb6 {[%emt 0:04:36]} 18. exf5 {[%emt 0:02:30]} Rac8 {[%emt 0:00:12]} 19. Qd1 {[%emt 0:06:30]} Rfd8 {[%emt 0:01:07]} 20. Nd2 {[%emt 0:00:30]} e4 {[%emt 0:03:45]} 21. Nxe4 {[%emt 0:09:30]} Rxd1 {[%emt 0:01:07]} 22. Nxf6+ {[%emt 0:00:30]} Qxf6 {[%emt 0:00:03]} 23. Rfxd1 {[%emt 0:00:30]} Qxf5 {[%emt 0:04:29]} 24. Rd2 {[%emt 0:02:30]} b6 {[%emt 0:02:24]} 25. Rad1 {[%emt 0:00:00]} g6 {[%emt 0:01:36]} 26. Re1 {[%emt 0:04:00]} Kg7 {[%emt 0:02:36]} 27. Be4 {[%emt 0:02:30]} Qa5 {[%emt 0:00:49]} 28. Red1 {[%emt 0:01:45]} Qxd2 {[%emt 0:00:08]} 0-1

[Event "ESTCC 50 2019"]
[Site "Mali Losinj"]
[Date "2019.09.23"]
[Round "6.21"]
[White "Jackson, Sheila"]
[Black "Lauritzen, Einar"]
[Result "1-0"]
[WhiteElo "2046"]
[BlackElo "1990"]
[Annotator "NA"]
[PlyCount "49"]
[EventDate "2019.09.18"]
[EventType "team-tourn"]
[EventCountry "CRO"]
[SourceTitle "playchess.com"]
[Source "ChessBase"]
[SourceQuality "1"]
[WhiteTeam "England"]
[BlackTeam "Norway"]
[WhiteTeamCountry "ENG"]
[BlackTeamCountry "NOR"]
[TimeControl "40/5400+30:1800+30"]

1. e4 {[%emt 0:00:30]} c6 {[%emt 0:00:30]} 2. d4 {[%emt 0:00:00]} d5 {[%emt 0:00:30]} 3. e5 {[%emt 0:00:00]} Bf5 {[%emt 0:00:00]} 4. Nd2 {[%emt 0:00:00]} e6 {[%emt 0:01:00]} 5. Nb3 {[%emt 0:00:00]} Nd7 {[%emt 0:00:30]} 6. Nf3 {[%emt 0:00:30]} a6 {[%emt 0:00:30]} 7. Be3 {[%emt 0:01:30]} Qc7 {[%emt 0:01:30]} 8. c3 {[%emt 0:05:30]} Ne7 {[%emt 0:07:30]} 9. Be2 {[%emt 0:01:30]} h6 {[%emt 0:05:30]} 10. O-O {[%emt 0:01:30]} c5 {[%emt 0:00:30]} 11. Nxc5 {[%emt 0:01:30]} Nxc5 {[%emt 0:04:30]} 12. dxc5 {[%emt 0:00:00]} Be4 {[%emt 0:03:30]} 13. Bd4 {[%emt 0:04:00]} Nc6 {[%emt 0:05:30]} 14. Re1 {[%emt 0:03:30]} Be7 {[%emt 0:05:30]} 15. Bd3 {[%emt 0:10:30]} Bxd3 {[%emt 0:17:30]} 16. Qxd3 {[%emt 0:00:30]} O-O {[%emt 0:00:30]} 17. b4 {[%emt 0:00:30]} Rae8 {[%emt 0:05:30]} 18. Re2 {[%emt 0:13:30]} f6 {[%emt 0:02:30]} 19. exf6 {[%emt 0:13:30]} Bxf6 {[%emt 0:00:30]} 20. Bxf6 {[%emt 0:03:30]} Rxf6 {[%emt 0:00:30]} 21. Rae1 {[%emt 0:00:30]} Qf4 {[%emt 0:04:30]} 22. a4 {[%emt 0:07:30]} Nd8 {[%emt 0:12:30]} 23. Ne5 {[%emt 0:04:30]} Rf5 {[%emt 0:05:43]} 24. a5 {[%emt 0:05:30]} Ref8 {[%emt 0:01:43]} 25. Ng6 {[%emt 0:00:30]} 1-0

[Event "ESTCC 50 2019"]
[Site "Mali Losinj"]
[Date "2019.09.23"]
[Round "6.22"]
[White "Andersen, Per O"]
[Black "Mashayekh, Majid"]
[Result "1-0"]
[WhiteElo "1971"]
[BlackElo "1875"]
[Annotator "NA"]
[PlyCount "53"]
[EventDate "2019.09.18"]
[EventType "team-tourn"]
[EventCountry "CRO"]
[SourceTitle "playchess.com"]
[Source "ChessBase"]
[SourceQuality "1"]
[WhiteTeam "Norway"]
[BlackTeam "England"]
[WhiteTeamCountry "NOR"]
[BlackTeamCountry "ENG"]
[TimeControl "40/5400+30:1800+30"]

1. Nf3 {[%emt 0:00:30]} Nf6 {[%emt 0:00:30]} 2. e3 {[%emt 0:00:30]} d5 {[%emt 0:00:30]} 3. c4 {[%emt 0:00:00]} e6 {[%emt 0:00:30]} 4. b3 {[%emt 0:02:00]} c5 {[%emt 0:01:30]} 5. Bb2 {[%emt 0:00:30]} Nc6 {[%emt 0:01:30]} 6. cxd5 {[%emt 0:00:30]} exd5 {[%emt 0:00:00]} 7. Be2 {[%emt 0:00:30]} Be7 {[%emt 0:01:00]} 8. Nc3 {[%emt 0:02:30]} O-O {[%emt 0:00:30]} 9. d4 {[%emt 0:00:30]} Be6 {[%emt 0:05:30]} 10. O-O {[%emt 0:03:30]} Ne4 {[%emt 0:10:30]} 11. dxc5 {[%emt 0:07:30]} Bxc5 {[%emt 0:06:30]} 12. Rc1 {[%emt 0:05:30]} Be7 {[%emt 0:06:30]} 13. Nb5 {[%emt 0:04:30]} a6 {[%emt 0:04:30]} 14. Nbd4 {[%emt 0:03:30]} Nxd4 {[%emt 0:06:30]} 15. Bxd4 {[%emt 0:06:30]} f6 {[%emt 0:06:30]} 16. Bb2 {[%emt 0:04:30]} Rc8 {[%emt 0:04:30]} 17. Rxc8 {[%emt 0:07:30]} Qxc8 {[%emt 0:03:30]} 18. Nd4 {[%emt 0:04:30]} Rd8 {[%emt 0:08:30]} 19. Qd3 {[%emt 0:08:30]} Qd7 {[%emt 0:08:30]} 20. Nxe6 {[%emt 0:04:30]} Qxe6 {[%emt 0:00:30]} 21. Rc1 {[%emt 0:01:30]} Bd6 {[%emt 0:07:37]} 22. h3 {[%emt 0:09:30]} f5 {[%emt 0:12:47]} 23. Qd4 {[%emt 0:01:30]} Rd7 {[%emt 0:00:33]} 24. Rc8+ {[%emt 0:03:50]} Bf8 {[%emt 0:00:27]} 25. Ba3 {[%emt 0:05:16]} Rf7 {[%emt 0:02:17]} 26. Rd8 {[%emt 0:02:43]} Nf6 {[%emt 0:00:46]} 27. Qc5 {[%emt 0:00:00]} 1-0

[Event "ESTCC 50 2019"]
[Site "Mali Losinj"]
[Date "2019.09.23"]
[Round "6.23"]
[White "Wood, Peter R"]
[Black "Ortoft, Kai"]
[Result "0-1"]
[WhiteElo "1884"]
[BlackElo "1957"]
[Annotator "NA"]
[PlyCount "100"]
[EventDate "2019.09.18"]
[EventType "team-tourn"]
[EventCountry "CRO"]
[SourceTitle "playchess.com"]
[Source "ChessBase"]
[SourceQuality "1"]
[WhiteTeam "England"]
[BlackTeam "Norway"]
[WhiteTeamCountry "ENG"]
[BlackTeamCountry "NOR"]
[TimeControl "40/5400+30:1800+30"]

1. e4 {[%emt 0:00:30]} d6 {[%emt 0:00:30]} 2. Nc3 {[%emt 0:00:30]} e5 {[%emt 0:00:00]} 3. Bc4 {[%emt 0:00:30]} Nf6 {[%emt 0:01:00]} 4. d3 {[%emt 0:00:30]} c6 {[%emt 0:01:30]} 5. Bg5 {[%emt 0:07:30]} Be7 {[%emt 0:01:30]} 6. Nf3 {[%emt 0:13:30]} Nbd7 {[%emt 0:01:30]} 7. O-O {[%emt 0:06:30]} b5 {[%emt 0:00:30]} 8. Bb3 {[%emt 0:00:30]} Nc5 {[%emt 0:00:30]} 9. Be3 {[%emt 0:05:30]} Nxb3 {[%emt 0:01:30]} 10. axb3 {[%emt 0:00:30]} a6 {[%emt 0:00:30]} 11. b4 {[%emt 0:01:30]} O-O {[%emt 0:00:30]} 12. h3 {[%emt 0:02:30]} Qc7 {[%emt 0:01:30]} 13. Qd2 {[%emt 0:11:30]} Bb7 {[%emt 0:05:30]} 14. Ne2 {[%emt 0:02:30]} c5 {[%emt 0:07:30]} 15. Qc3 {[%emt 0:11:30]} Nd7 {[%emt 0:02:30]} 16. Ng3 {[%emt 0:01:30]} g6 {[%emt 0:00:30]} 17. d4 {[%emt 0:03:30]} Rac8 {[%emt 0:07:30]} 18. bxc5 {[%emt 0:05:30]} exd4 {[%emt 0:01:30]} 19. Bxd4 {[%emt 0:03:33]} dxc5 {[%emt 0:00:30]} 20. Be3 {[%emt 0:04:41]} Bf6 {[%emt 0:00:30]} 21. Qa3 {[%emt 0:00:48]} Ne5 {[%emt 0:01:30]} 22. Nd2 {[%emt 0:01:15]} c4 {[%emt 0:06:30]} 23. f4 {[%emt 0:04:52]} Nc6 {[%emt 0:01:30]} 24. e5 {[%emt 0:03:15]} Be7 {[%emt 0:00:30]} 25. Qa2 {[%emt 0:00:44]} Nb4 {[%emt 0:00:30]} 26. Qb1 {[%emt 0:00:19]} Nd5 {[%emt 0:00:30]} 27. Bd4 {[%emt 0:01:03]} Bc5 {[%emt 0:04:30]} 28. Nf3 {[%emt 0:02:26]} Nxf4 {[%emt 0:01:30]} 29. c3 {[%emt 0:01:25]} Nd3 {[%emt 0:02:30]} 30. Qd1 {[%emt 0:01:51]} Nxe5 {[%emt 0:00:30]} 31. Qd2 {[%emt 0:01:13]} Nxf3+ {[%emt 0:00:30]} 32. Rxf3 {[%emt 0:01:22]} Bxf3 {[%emt 0:00:30]} 33. Nf5 {[%emt 0:00:23]} Bxd4+ {[%emt 0:03:30]} 34. cxd4 {[%emt 0:00:21]} f6 {[%emt 0:05:30]} 35. Nh6+ {[%emt 0:00:39]} Kg7 {[%emt 0:00:30]} 36. Rxa6 {[%emt 0:00:24]} Bb7 {[%emt 0:04:30]} 37. Ra1 {[%emt 0:00:49]} Qg3 {[%emt 0:00:30]} 38. Ng4 {[%emt 0:00:32]} Qxg2+ {[%emt 0:02:30]} 39. Qxg2 {[%emt 0:00:11]} Bxg2 {[%emt 0:00:00]} 40. Kxg2 {[%emt 0:00:03]} b4 {[%emt 0:03:00]} 41. Rc1 {[%emt 0:30:51]} Rfd8 {[%emt 0:30:30]} 42. Re1 {[%emt 0:01:19]} Rc7 {[%emt 0:00:00]} 43. Rd1 {[%emt 0:00:00]} c3 {[%emt 0:00:00]} 44. bxc3 {[%emt 0:00:00]} bxc3 {[%emt 0:00:00]} 45. d5 {[%emt 0:00:00]} c2 {[%emt 0:00:00]} 46. Rc1 {[%emt 0:00:00]} Rxd5 {[%emt 0:00:00]} 47. Ne3 {[%emt 0:00:00]} Rb5 {[%emt 0:00:00]} 48. Kf3 {[%emt 0:00:00]} Rb3 {[%emt 0:00:00]} 49. Kf2 {[%emt 0:00:00]} Rb1 {[%emt 0:00:00]} 50. Rxc2 {[%emt 0:00:00]} Rxc2+ {[%emt 0:00:00]} 0-1

[Event "ESTCC 50 2019"]
[Site "Mali Losinj"]
[Date "2019.09.23"]
[Round "6.24"]
[White "Jenssen, Ove S"]
[Black "Denning, Julie L"]
[Result "1-0"]
[WhiteElo "1827"]
[BlackElo "1629"]
[Annotator "NA"]
[PlyCount "129"]
[EventDate "2019.09.18"]
[EventType "team-tourn"]
[EventCountry "CRO"]
[SourceTitle "playchess.com"]
[Source "ChessBase"]
[SourceQuality "1"]
[WhiteTeam "Norway"]
[BlackTeam "England"]
[WhiteTeamCountry "NOR"]
[BlackTeamCountry "ENG"]
[TimeControl "40/5400+30:1800+30"]

1. e4 {[%emt 0:00:30]} c5 {[%emt 0:00:30]} 2. Nc3 {[%emt 0:00:00]} a6 {[%emt 0:01:30]} 3. a4 {[%emt 0:00:00]} d6 {[%emt 0:00:30]} 4. f4 {[%emt 0:01:30]} g6 {[%emt 0:01:30]} 5. Nf3 {[%emt 0:00:30]} Nf6 {[%emt 0:01:30]} 6. Bc4 {[%emt 0:00:30]} e6 {[%emt 0:00:30]} 7. O-O {[%emt 0:01:30]} Nbd7 {[%emt 0:05:30]} 8. d3 {[%emt 0:01:30]} Nb6 {[%emt 0:01:30]} 9. Bb3 {[%emt 0:00:30]} Be7 {[%emt 0:01:30]} 10. a5 {[%emt 0:02:30]} Nbd7 {[%emt 0:00:30]} 11. Qe1 {[%emt 0:02:30]} Rb8 {[%emt 0:01:30]} 12. Ng5 {[%emt 0:02:30]} h6 {[%emt 0:04:30]} 13. Nf3 {[%emt 0:01:30]} b6 {[%emt 0:05:30]} 14. axb6 {[%emt 0:01:30]} Nxb6 {[%emt 0:00:30]} 15. Bd2 {[%emt 0:07:30]} Qc7 {[%emt 0:03:30]} 16. e5 {[%emt 0:11:30]} Nfd7 {[%emt 0:01:30]} 17. exd6 {[%emt 0:02:30]} Bxd6 {[%emt 0:02:30]} 18. Bxe6 {[%emt 0:05:30]} O-O {[%emt 0:04:30]} 19. Bb3 {[%emt 0:06:30]} c4 {[%emt 0:05:30]} 20. dxc4 {[%emt 0:01:30]} Nxc4 {[%emt 0:02:30]} 21. Qe4 {[%emt 0:11:30]} Ndb6 {[%emt 0:05:30]} 22. Be3 {[%emt 0:03:30]} Bf5 {[%emt 0:05:30]} 23. Qd4 {[%emt 0:03:30]} Nxe3 {[%emt 0:01:30]} 24. Qxe3 {[%emt 0:00:30]} Bc5 {[%emt 0:10:30]} 25. Nd4 {[%emt 0:00:30]} Rbd8 {[%emt 0:02:30]} 26. Nce2 {[%emt 0:02:30]} Bg4 {[%emt 0:03:30]} 27. Qg3 {[%emt 0:03:30]} Bh5 {[%emt 0:07:50]} 28. c3 {[%emt 0:01:30]} Kh7 {[%emt 0:01:18]} 29. Kh1 {[%emt 0:01:30]} Bxe2 {[%emt 0:02:21]} 30. Nxe2 {[%emt 0:00:30]} Rd2 {[%emt 0:00:56]} 31. Nd4 {[%emt 0:05:32]} Bxd4 {[%emt 0:02:29]} 32. cxd4 {[%emt 0:00:19]} Rxb2 {[%emt 0:01:19]} 33. Rxa6 {[%emt 0:00:32]} Qb7 {[%emt 0:02:01]} 34. Raa1 {[%emt 0:02:08]} Re8 {[%emt 0:01:02]} 35. Rf2 {[%emt 0:01:18]} Rxf2 {[%emt 0:01:10]} 36. Qxf2 {[%emt 0:00:08]} Re7 {[%emt 0:02:54]} 37. f5 {[%emt 0:01:30]} g5 {[%emt 0:03:20]} 38. h4 {[%emt 0:04:41]} f6 {[%emt 0:00:56]} 39. hxg5 {[%emt 0:01:58]} hxg5 {[%emt 0:00:36]} 40. Be6 {[%emt 0:03:08]} Kh8 {[%emt 0:01:12]} 41. Rb1 {[%emt 0:02:16]} Rh7+ {[%emt 0:07:06]} 42. Kg1 {[%emt 0:01:30]} Qc7 {[%emt 0:02:30]} 43. g3 {[%emt 0:01:30]} Rh3 {[%emt 0:03:30]} 44. Kg2 {[%emt 0:00:30]} g4 {[%emt 0:01:30]} 45. d5 {[%emt 0:01:30]} Qc4 {[%emt 0:05:42]} 46. Re1 {[%emt 0:01:30]} Nd7 {[%emt 0:04:36]} 47. Qe2 {[%emt 0:04:30]} Qxe2+ {[%emt 0:03:19]} 48. Rxe2 {[%emt 0:00:30]} Ne5 {[%emt 0:00:19]} 49. Rxe5 {[%emt 0:00:30]} fxe5 {[%emt 0:00:09]} 50. d6 {[%emt 0:00:30]} Kg7 {[%emt 0:00:22]} 51. d7 {[%emt 0:00:00]} Rh8 {[%emt 0:00:07]} 52. Kf2 {[%emt 0:00:00]} Rd8 {[%emt 0:00:40]} 53. Ke3 {[%emt 0:00:30]} Kf6 {[%emt 0:00:17]} 54. Ke4 {[%emt 0:00:30]} Ra8 {[%emt 0:03:23]} 55. Kd5 {[%emt 0:01:30]} Ra5+ {[%emt 0:00:33]} 56. Kd6 {[%emt 0:00:30]} Ra8 {[%emt 0:01:31]} 57. Kc7 {[%emt 0:00:30]} e4 {[%emt 0:00:31]} 58. d8=Q+ {[%emt 0:00:30]} Rxd8 {[%emt 0:00:07]} 59. Kxd8 {[%emt 0:00:30]} e3 {[%emt 0:00:09]} 60. Bc4 {[%emt 0:00:30]} Kxf5 {[%emt 0:00:19]} 61. Be2 {[%emt 0:00:30]} Kg5 {[%emt 0:01:21]} 62. Ke7 {[%emt 0:00:30]} Kf5 {[%emt 0:00:24]} 63. Kd6 {[%emt 0:00:00]} Kg5 {[%emt 0:00:03]} 64. Ke5 {[%emt 0:00:00]} Kg6 {[%emt 0:00:26]} 65. Kf4 {[%emt 0:01:30]} 1-0

[Event "ESTCC 50 2019"]
[Site "Mali Losinj"]
[Date "2019.09.24"]
[Round "7.1"]
[White "Druckenthaner, Andreas"]
[Black "Kozul, Zdenko"]
[Result "0-1"]
[WhiteElo "2283"]
[BlackElo "2569"]
[Annotator "RC"]
[PlyCount "122"]
[EventDate "2019.09.18"]
[EventType "team-tourn"]
[EventCountry "CRO"]
[SourceTitle "playchess.com"]
[Source "ChessBase"]
[SourceQuality "1"]
[WhiteTeam "Austria"]
[BlackTeam "Croatia"]
[WhiteTeamCountry "AUT"]
[BlackTeamCountry "CRO"]
[TimeControl "40/5400+30:1800+30"]

1. e4 {[%emt 0:00:30]} c5 {[%emt 0:00:30]} 2. Nc3 {[%emt 0:00:00]} Nc6 {[%emt 0:02:30]} 3. g3 {[%emt 0:00:00]} g6 {[%emt 0:01:30]} 4. Bg2 {[%emt 0:00:30]} Bg7 {[%emt 0:00:30]} 5. d3 {[%emt 0:00:00]} d6 {[%emt 0:02:30]} 6. Nh3 {[%emt 0:05:00]} h5 {[%emt 0:05:30]} 7. O-O {[%emt 0:22:30]} Nf6 {[%emt 0:13:30]} 8. f3 {[%emt 0:01:30]} d5 {[%emt 0:03:30]} 9. Nf2 {[%emt 0:18:30]} d4 {[%emt 0:04:30]} 10. Ne2 {[%emt 0:02:30]} h4 {[%emt 0:00:30]} 11. g4 {[%emt 0:00:30]} e5 {[%emt 0:00:00]} 12. h3 {[%emt 0:00:30]} Nh7 {[%emt 0:01:00]} 13. f4 {[%emt 0:01:30]} exf4 {[%emt 0:01:30]} 14. Nxf4 {[%emt 0:03:30]} Be5 {[%emt 0:00:30]} 15. Nd5 {[%emt 0:03:30]} g5 {[%emt 0:06:30]} 16. c4 {[%emt 0:04:30]} Nf8 {[%emt 0:01:30]} 17. a3 {[%emt 0:03:30]} f6 {[%emt 0:03:30]} 18. b4 {[%emt 0:00:30]} a6 {[%emt 0:00:30]} 19. Qf3 {[%emt 0:03:30]} Ne6 {[%emt 0:01:30]} 20. Nd1 {[%emt 0:02:30]} O-O {[%emt 0:00:30]} 21. Bd2 {[%emt 0:01:30]} Bd7 {[%emt 0:04:30]} 22. Nb2 {[%emt 0:05:12]} b6 {[%emt 0:07:30]} 23. Rab1 {[%emt 0:06:22]} Ne7 {[%emt 0:07:30]} 24. bxc5 {[%emt 0:01:41]} Nxc5 {[%emt 0:03:30]} 25. Bb4 {[%emt 0:00:58]} a5 {[%emt 0:01:30]} 26. Bxc5 {[%emt 0:00:37]} bxc5 {[%emt 0:00:00]} 27. Qd1 {[%emt 0:01:25]} a4 {[%emt 0:11:28]} 28. Qc2 {[%emt 0:00:19]} Ng6 {[%emt 0:00:33]} 29. Nd1 {[%emt 0:00:31]} Rb8 {[%emt 0:01:46]} 30. Nf2 {[%emt 0:00:58]} Qa5 {[%emt 0:00:12]} 31. Rxb8 {[%emt 0:01:49]} Rxb8 {[%emt 0:00:16]} 32. Rb1 {[%emt 0:00:05]} Kf7 {[%emt 0:02:15]} 33. Rxb8 {[%emt 0:02:17]} Qe1+ {[%emt 0:01:31]} 34. Bf1 {[%emt 0:00:08]} Bxb8 {[%emt 0:00:03]} 35. Qd1 {[%emt 0:01:41]} Bh2+ {[%emt 0:02:48]} 36. Kg2 {[%emt 0:01:02]} Nf4+ {[%emt 0:00:30]} 37. Kxh2 {[%emt 0:02:03]} Qxf2+ {[%emt 0:00:27]} 38. Kh1 {[%emt 0:00:05]} Nxd5 {[%emt 0:05:13]} 39. exd5 {[%emt 0:01:58]} Qe3 {[%emt 0:02:11]} 40. Qe2 {[%emt 0:03:02]} f5 {[%emt 0:00:00]} 41. Qg2 {[%emt 0:20:14]} Kf6 {[%emt 0:12:47]} 42. Qh2 {[%emt 0:04:39]} f4 {[%emt 0:03:55]} 43. Qb2 {[%emt 0:01:12]} Ke7 {[%emt 0:01:19]} 44. Qb6 {[%emt 0:01:08]} Qf2 {[%emt 0:00:47]} 45. Qb1 {[%emt 0:01:19]} f3 {[%emt 0:01:35]} 46. Qc1 {[%emt 0:00:28]} Kd6 {[%emt 0:07:36]} 47. Qb1 {[%emt 0:00:36]} Kc7 {[%emt 0:00:06]} 48. Qc1 {[%emt 0:00:36]} Bc8 {[%emt 0:02:52]} 49. Qb1 {[%emt 0:00:31]} Bd7 {[%emt 0:03:47]} 50. Qc1 {[%emt 0:00:53]} Kb7 {[%emt 0:00:55]} 51. Qb1+ {[%emt 0:00:17]} Ka7 {[%emt 0:00:19]} 52. Qc1 {[%emt 0:00:16]} Qe3 {[%emt 0:01:17]} 53. Qd1 {[%emt 0:00:07]} Be8 {[%emt 0:00:19]} 54. Qc2 {[%emt 0:01:50]} Qe1 {[%emt 0:00:41]} 55. Kg1 {[%emt 0:00:07]} Bd7 {[%emt 0:00:05]} 56. Qh2 {[%emt 0:00:54]} Kb7 {[%emt 0:01:01]} 57. Qd6 {[%emt 0:01:01]} Qg3+ {[%emt 0:00:15]} 58. Qxg3 {[%emt 0:00:06]} hxg3 {[%emt 0:00:03]} 59. Bg2 {[%emt 0:00:07]} fxg2 {[%emt 0:00:08]} 60. Kxg2 {[%emt 0:00:16]} Be8 {[%emt 0:00:06]} 61. Kxg3 {[%emt 0:00:33]} Bg6 {[%emt 0:00:09]} 0-1

[Event "ESTCC 50 2019"]
[Site "Mali Losinj"]
[Date "2019.09.24"]
[Round "7.2"]
[White "Zelcic, Robert"]
[Black "Opl, Klaus"]
[Result "1-0"]
[WhiteElo "2503"]
[BlackElo "2207"]
[Annotator "ChessBase"]
[PlyCount "99"]
[EventDate "2019.09.18"]
[EventType "team-tourn"]
[EventCountry "CRO"]
[SourceTitle "playchess.com"]
[Source "ChessBase"]
[SourceQuality "1"]
[WhiteTeam "Croatia"]
[BlackTeam "Austria"]
[WhiteTeamCountry "CRO"]
[BlackTeamCountry "AUT"]
[TimeControl "40/5400+30:1800+30"]

1. e4 {[%emt 0:00:30]} e5 {[%emt 0:00:30]} 2. Nf3 {[%emt 0:00:30]} Nc6 {[%emt 0:00:00]} 3. Bc4 {[%emt 0:00:00]} Nf6 {[%emt 0:00:00]} 4. d4 {[%emt 0:00:00]} exd4 {[%emt 0:00:30]} 5. e5 {[%emt 0:00:00]} d5 {[%emt 0:00:30]} 6. Bb5 {[%emt 0:00:00]} Ne4 {[%emt 0:00:30]} 7. Nxd4 {[%emt 0:00:00]} Bd7 {[%emt 0:00:30]} 8. Bxc6 {[%emt 0:00:00]} bxc6 {[%emt 0:00:00]} 9. O-O {[%emt 0:00:30]} Bc5 {[%emt 0:00:00]} 10. f3 {[%emt 0:00:00]} Ng5 {[%emt 0:00:30]} 11. Be3 {[%emt 0:00:00]} O-O {[%emt 0:01:30]} 12. f4 {[%emt 0:00:00]} Ne4 {[%emt 0:01:30]} 13. Nd2 {[%emt 0:00:00]} f6 {[%emt 0:05:30]} 14. Nxe4 {[%emt 0:00:30]} dxe4 {[%emt 0:00:30]} 15. exf6 {[%emt 0:01:30]} Qxf6 {[%emt 0:00:30]} 16. Qe2 {[%emt 0:00:30]} Bd6 {[%emt 0:03:30]} 17. c3 {[%emt 0:01:30]} Rab8 {[%emt 0:05:30]} 18. Nb3 {[%emt 0:01:30]} Qh6 {[%emt 0:08:30]} 19. Nc5 {[%emt 0:17:30]} Bf5 {[%emt 0:04:30]} 20. b4 {[%emt 0:01:30]} Kh8 {[%emt 0:11:30]} 21. Kh1 {[%emt 0:00:30]} Qg6 {[%emt 0:02:30]} 22. h3 {[%emt 0:00:30]} Qh6 {[%emt 0:00:30]} 23. Kh2 {[%emt 0:07:30]} g5 {[%emt 0:07:30]} 24. Nxe4 {[%emt 0:01:30]} Bxe4 {[%emt 0:03:30]} 25. Bd4+ {[%emt 0:00:00]} Kg8 {[%emt 0:00:30]} 26. Qxe4 {[%emt 0:00:00]} Rbe8 {[%emt 0:00:30]} 27. Qd3 {[%emt 0:01:30]} Rxf4 {[%emt 0:02:30]} 28. Rxf4 {[%emt 0:05:30]} Bxf4+ {[%emt 0:01:30]} 29. g3 {[%emt 0:09:30]} Bd6 {[%emt 0:02:30]} 30. Qc4+ {[%emt 0:02:30]} Qe6 {[%emt 0:00:30]} 31. Qxe6+ {[%emt 0:11:30]} Rxe6 {[%emt 0:00:30]} 32. Bxa7 {[%emt 0:00:30]} Re2+ {[%emt 0:00:30]} 33. Kg1 {[%emt 0:00:30]} Bxg3 {[%emt 0:00:30]} 34. a4 {[%emt 0:00:30]} Be5 {[%emt 0:02:30]} 35. Ra3 {[%emt 0:01:30]} Rc2 {[%emt 0:01:30]} 36. a5 {[%emt 0:00:30]} Rd2 {[%emt 0:04:30]} 37. a6 {[%emt 0:00:30]} Rd8 {[%emt 0:00:00]} 38. Be3 {[%emt 0:02:30]} h6 {[%emt 0:01:00]} 39. c4 {[%emt 0:00:30]} Bd6 {[%emt 0:00:30]} 40. c5 {[%emt 0:03:30]} Be5 {[%emt 0:01:30]} 41. a7 {[%emt 0:32:30]} Ra8 {[%emt 0:30:30]} 42. b5 {[%emt 0:00:30]} cxb5 {[%emt 0:00:30]} 43. c6 {[%emt 0:00:00]} Bf4 {[%emt 0:02:30]} 44. Bd4 {[%emt 0:00:00]} Bd2 {[%emt 0:00:30]} 45. Ra2 {[%emt 0:00:30]} Bb4 {[%emt 0:00:30]} 46. Rb2 {[%emt 0:00:30]} Ba5 {[%emt 0:00:00]} 47. Rxb5 {[%emt 0:00:30]} Bb6 {[%emt 0:01:00]} 48. Bxb6 {[%emt 0:00:00]} cxb6 {[%emt 0:00:00]} 49. Rxb6 {[%emt 0:00:00]} Kf7 {[%emt 0:00:00]} 50. Rb8 {[%emt 0:00:00]} 1-0